00402 2200157 4500001002100000008004100021035002000062245003600082100002000118260002800138300002200166020002200188084001400210082000800224990001200232INLIS000000000002838 IND  a0010-0925000185 aSenyum SahabatcEdelweis Almira aEdelweis Almira aJakartabEuthaniac2015 a156c(13 x 19 cm) a978-602-1010-20-4 a813 EDE s a813 a0755060